000 00387nam a22001697a 4500
003 OSt
005 20211230142345.0
008 211230b |||||||| |||| 00| 0 eng d
020 _a139781259002465
040 _cHU
050 _a005.2762
082 _a005.2762
100 _aSchildt Herbert
_925763
245 _aJava The Complete Reference
250 _a8th
942 _2ddc
_cBOOKS
_n0
999 _c25283
_d25283